| 000 -CABECERA |
| Longitud fija campo de control |
00893nam a2200217 a 4500 |
| 001 - NÚMERO DE CONTROL |
| Número de control |
5881 |
| 003 - IDENTIFICADOR DEL NÚMERO DE CONTROL |
| Identificador del número de control |
CDMR |
| 005 - FECHA Y HORA DE LA ÚLTIMA TRANSACCIÓN |
| Fecha y hora de la última transacción |
20151016132401.0 |
| 008 - CÓDIGOS DE INFORMACIÓN DE LONGITUD FIJA |
| Códigos de información de longitud fija |
130220s1998||||||||||||||||||||||||||||d |
| 040 ## - FUENTE DE LA CATALOGACIÓN |
| Centro catalogador de origen |
CDMR |
| Lengua de catalogación |
cat |
| Centro transcriptor |
CDMR |
| 245 #0 - MENCIÓN DE TÍTULO |
| Título |
Gènere i informació |
| Mención de responsabilidad, etc. |
coordinació editorial, Marta Bach i Arús |
| 260 ## - PUBLICACIÓN, DISTRIBUCIÓN, ETC. (PIE DE IMPRENTA) |
| Lugar de publicación, distribución, etc. |
Barcelona |
| Nombre del editor, distribuidor, etc. |
Dones Periodistes |
| Fecha de publicación, distribución, etc. |
1998 |
| 300 ## - DESCRIPCIÓN FÍSICA |
| Extensión |
162 p ; |
| Dimensiones |
30 cm |
| 505 ## - NOTA DE CONTENIDO CON FORMATO |
| Nota de contenido con formato |
Conté: Radiografia d'una absència : presència d'homes i dones a la premsa d'informació general / Joana Gallego (coordinadora) ; Informació esportiva : només per a ells / M. Eugenia Ibáñez, Manuela Lacosta |
| 650 04 - PUNTO DE ACCESO ADICIONAL DE MATERIA - TÉRMINO DE MATERIA |
| 9 (RLIN) |
4233 |
| Término de materia o nombre geográfico como elemento inicial |
Dones en el periodisme |
| 650 04 - PUNTO DE ACCESO ADICIONAL DE MATERIA - TÉRMINO DE MATERIA |
| 9 (RLIN) |
4436 |
| Término de materia o nombre geográfico como elemento inicial |
Paper segons el sexe en els mitjans de comunicació de massa |
| 650 04 - PUNTO DE ACCESO ADICIONAL DE MATERIA - TÉRMINO DE MATERIA |
| 9 (RLIN) |
2913 |
| Término de materia o nombre geográfico como elemento inicial |
Dones periodistes |
| 650 04 - PUNTO DE ACCESO ADICIONAL DE MATERIA - TÉRMINO DE MATERIA |
| 9 (RLIN) |
1696 |
| Término de materia o nombre geográfico como elemento inicial |
Premsa esportiva |
| 710 2# - PUNTO DE ACCESO ADICIONAL - NOMBRE DE ENTIDAD |
| 9 (RLIN) |
855 |
| Nombre de entidad o nombre de jurisdicción como elemento inicial |
Associació de Dones Periodistes de Catalunya |
| 942 ## - ENTRADA DE ELEMENTOS AGREGADOS (KOHA) |
| Koha [por defecto] tipo de item |
Monografies |
| Fuente de clasificaión o esquema |
|